[Event "FRA-chT2 0910"]
[Site "France"]
[Date "2009.10.18"]
[Round "3.4"]
[White "Ricroque, Jean Pierre"]
[Black "Bekkat, Azzedine"]
[Result "0-1"]
[WhiteElo "2002"]
[BlackElo "2268"]
[PlyCount "127"]
[EventDate "2009.09.27"]
[EventType "team-tourn"]
[EventRounds "11"]
[EventCountry "FRA"]
[SourceTitle "EXT 2011"]
[Source "ChessBase"]
[SourceDate "2010.11.26"]
[SourceVersion "1"]
[SourceVersionDate "2010.11.26"]
[SourceQuality "1"]

1. d4 Nf6 2. Nf3 e6 3. c4 c5 4. d5 exd5 5. cxd5 d6 6. Nc3 g6 7. e4 Bg7 8. Bd3 0-0 9. 0-0 Bg4 10. Be2 Nbd7 11. a4 Re8 12. h3 Bxf3 13. Bxf3 a6 14. Qb3 Qc7 15. Bf4 Rab8 16. a5 Bf8 17. Ra4 b5 18. axb6 Nxb6 19. Rxa6 Nbd7 20. Qa3 Rb4 21. Na2 Rb7 22. Nc3 Qb8 23. Bc1 Rb4 24. Ra4 Rb7 25. Be2 Nb6 26. Ra6 Nxe4 27. Nxe4 Rxe4 28. Bb5 Qd8 29. Bc6 Rb8 30. f3 Re2 31. Bb5 Re5 32. Bc6 Qh4 33. f4 Re1 34. Qf3 Bg7 35. Kh2 Rxf1 36. Qxf1 Nc8 37. Qe2 Ne7 38. g3 Qf6 39. g4 Qh4 40. Ra7 Rb3 41. Ra8+ Bf8 42. Qg2 h5 43. Ba4 Rd3 44. Bc2 Rxd5 45. Be4 Rd4 46. gxh5 Qxh5 47. Be3 Rb4 48. f5 Qh8 49. f6 Qxf6 50. Bh6 Kh7 51. Bxf8 Rxb2 52. Bc2 Qc3 53. Ra2 Rxa2 54. Bxg6+ Nxg6 55. Qxa2 Qe5+ 56. Kh1 Qe4+ 57. Kg1 Qd4+ 58. Kh1 Qe4+ 59. Kg1 Qe3+ 60. Kg2 Nf4+ 61. Kf1 Qxh3+ 62. Kg1 Qg3+ 63. Kf1 Qf3+ 64. Kg1 0-1

[Event "FRA-chT2 North 0809"]
[Site "France"]
[Date "2009.03.15"]
[Round "9.7"]
[White "Mayer, Philippe"]
[Black "Ricroque, Jean Pierre"]
[Result "1-0"]
[WhiteElo "1870"]
[BlackElo "1977"]
[PlyCount "65"]
[EventDate "2008.10.19"]
[EventType "team-tourn"]
[EventRounds "11"]
[EventCountry "FRA"]
[SourceTitle "EXT 2010"]
[Source "ChessBase"]
[SourceDate "2010.11.25"]
[SourceVersion "1"]
[SourceVersionDate "2010.11.25"]
[SourceQuality "1"]
[WhiteTeam "Chess XV"]
[BlackTeam "Cergy Pontoise"]
[WhiteTeamCountry "FRA"]
[BlackTeamCountry "FRA"]

1. e4 c5 2. Nf3 d6 3. d4 cxd4 4. Nxd4 Nf6 5. Nc3 a6 6. Be3 e5 7. Nb3 Be7 8. f3 Be6 9. Bg5 Nbd7 10. Qd2 0-0 11. 0-0-0 b5 12. Kb1 Qc7 13. h4 Rfb8 14. g4 b4 15. Nd5 Bxd5 16. exd5 a5 17. Bxf6 Nxf6 18. h5 a4 19. Nc1 a3 20. b3 Ra5 21. Bc4 Nxd5 22. Bxd5 Rxd5 23. Qxd5 Qc3 24. Nd3 e4 25. Qc4 Qf6 26. fxe4 Qg5 27. Nxb4 Bf6 28. Nc6 Re8 29. e5 dxe5 30. Rd7 Rf8 31. Qe4 h6 32. Rd3 Rc8 33. Na7 1-0

[Event "FRA-chT2 North 0809"]
[Site "France"]
[Date "2008.11.23"]
[Round "3.6"]
[White "Leitner, Walter"]
[Black "Ricroque, Jean Pierre"]
[Result "0-1"]
[WhiteElo "2062"]
[BlackElo "1977"]
[PlyCount "76"]
[EventDate "2008.10.19"]
[EventType "team-tourn"]
[EventRounds "11"]
[EventCountry "FRA"]
[SourceTitle "EXT 2010"]
[Source "ChessBase"]
[SourceDate "2010.11.25"]
[SourceVersion "1"]
[SourceVersionDate "2010.11.25"]
[SourceQuality "1"]
[WhiteTeam "Gif sur Yvette"]
[BlackTeam "Cergy Pontoise"]
[WhiteTeamCountry "FRA"]
[BlackTeamCountry "FRA"]

1. e4 c5 2. Nf3 d6 3. d4 cxd4 4. Qxd4 a6 5. Be3 Nf6 6. Nc3 Nc6 7. Qd2 Ng4 8. Bf4 g5 9. Bxg5 h6 10. Bf4 Bg7 11. h3 Nge5 12. Nxe5 Nxe5 13. Be3 Be6 14. Bd4 h5 15. f4 Bh6 16. Qf2 f5 17. fxe5 dxe5 18. Bb6 Qd6 19. Be2 0-0 20. 0-0 Rac8 21. Be3 f4 22. Rad1 Qb4 23. Bc1 Kh7 24. a3 Qa5 25. Bxh5 Rg8 26. Kh2 Rg3 27. Bf3 Bg5 28. Nd5 Rc6 29. Qe2 Bc8 30. b4 Qa4 31. Bb2 Rh6 32. Bxe5 Bxh3 33. Kg1 Rh4 34. Rd3 Qe8 35. Kf2 Rhg4 36. Rg1 Qh5 37. gxh3 Qxh3 38. Rxg3 Qxg3+ 0-1

[Event "Cap d'Agde Cavalier op"]
[Site "Cap d'Agde"]
[Date "2008.10.29"]
[Round "5"]
[White "Ricroque, Jean Pierre"]
[Black "Saunders, Mark A"]
[Result "0-1"]
[WhiteElo "1988"]
[BlackElo "1792"]
[PlyCount "106"]
[EventDate "2008.10.25"]
[EventType "swiss"]
[EventRounds "9"]
[EventCountry "FRA"]
[SourceTitle "EXT 2010"]
[Source "ChessBase"]
[SourceDate "2010.11.25"]
[SourceVersion "1"]
[SourceVersionDate "2010.11.25"]
[SourceQuality "1"]

1. d4 Nf6 2. c4 c5 3. d5 b5 4. Qc2 d6 5. e4 Qa5+ 6. Bd2 b4 7. f4 g6 8. Bd3 Bg7 9. Nf3 Nfd7 10. 0-0 Na6 11. Be1 0-0 12. Nbd2 b3 13. Nxb3 Qa4 14. Rf2 Nb4 15. Bxb4 Qxb4 16. Qd2 Qxd2 17. Rxd2 a5 18. Rb1 a4 19. Nc1 Ba6 20. Rc2 Rfb8 21. Ne2 Rb7 22. Nc3 Nb6 23. Nb5 Nxc4 24. Bxc4 Bxb5 25. Bxb5 Rxb5 26. Kf1 Rb4 27. Nd2 Rab8 28. Nc4 Bd4 29. Ke2 f6 30. Kd3 Kf7 31. Re2 R8b7 32. g4 h6 33. Rg2 Rb8 34. Na5 Rxb2 35. Rbxb2 Rxb2 36. Rxb2 Bxb2 37. f5 g5 38. Nc4 a3 39. Kc2 Ke8 40. Kb3 Kd7 41. Ka4 Kc7 42. h3 Bc1 43. Kb5 Bb2 44. Na5 Bc1 45. Nc6 Kd7 46. Kb6 Bb2 47. Kb7 Bd4 48. Na5 Bb2 49. Nc4 Bc1 50. Nb6+ Kd8 51. Kc6 Bb2 52. Nd7 c4 53. Nf8 Be5 0-1

[Event "Cap d'Agde Cavalier op"]
[Site "Cap d'Agde"]
[Date "2008.10.27"]
[Round "3"]
[White "Ricroque, Jean Pierre"]
[Black "Buresi, Bruno"]
[Result "1-0"]
[WhiteElo "1988"]
[BlackElo "1900"]
[PlyCount "68"]
[EventDate "2008.10.25"]
[EventType "swiss"]
[EventRounds "9"]
[EventCountry "FRA"]
[SourceTitle "EXT 2010"]
[Source "ChessBase"]
[SourceDate "2010.11.25"]
[SourceVersion "1"]
[SourceVersionDate "2010.11.25"]
[SourceQuality "1"]

1. d4 Nf6 2. Nf3 g6 3. c4 Bg7 4. Nc3 d5 5. Qb3 dxc4 6. Qxc4 0-0 7. e4 c6 8. Bf4 b5 9. Qb3 a5 10. e5 a4 11. Qa3 Nd5 12. Nxd5 Qxd5 13. Qxe7 Qe4+ 14. Be3 a3 15. bxa3 Ra4 16. Rc1 Be6 17. Nd2 Qd5 18. Nb3 Na6 19. f3 Rb8 20. Bd3 Bf8 21. Qa7 Bxa3 22. Nc5 Bxc1 23. Nxa6 Rd8 24. Bxc1 Bc8 25. Be4 Qxa2 26. 0-0 Qe6 27. Qc7 Raxd4 28. Bg5 Re8 29. Nc5 Qxe5 30. Qxe5 Rxe5 31. Bf6 Rdxe4 32. Nxe4 Rd5 33. Ra1 Bb7 34. Ra7 Rd7 1-0

[Event "FRA-chT2 West 0708"]
[Site "France"]
[Date "2008.03.15"]
[Round "8.7"]
[White "Ricroque, Jean Pierre"]
[Black "Rate, Bruno"]
[Result "1/2-1/2"]
[WhiteElo "1987"]
[BlackElo "2105"]
[PlyCount "110"]
[EventDate "2007.10.21"]
[EventType "team"]
[EventRounds "11"]
[EventCountry "FRA"]
[SourceTitle "EXT 2009"]
[Source "ChessBase"]
[SourceDate "2008.11.26"]
[SourceVersion "1"]
[SourceVersionDate "2008.11.26"]
[SourceQuality "1"]
[WhiteTeam "Cergy Pontoise"]
[BlackTeam "Sautron"]
[WhiteTeamCountry "FRA"]
[BlackTeamCountry "FRA"]

1. d4 d5 2. c4 e6 3. Nf3 Nf6 4. Nc3 Be7 5. Bg5 h6 6. Bh4 Nbd7 7. e3 0-0 8. Qc2 b6 9. cxd5 exd5 10. Rd1 Bb7 11. Be2 Ne4 12. Bxe7 Qxe7 13. 0-0 Ndf6 14. Ne5 c5 15. Nxe4 dxe4 16. Nc4 Rfc8 17. Qa4 Bd5 18. b3 Rab8 19. Na3 cxd4 20. Rxd4 Bc6 21. Bb5 Bb7 22. Rfd1 a6 23. Bf1 b5 24. Qa5 Rc7 25. Qd2 Rbc8 26. Qb2 Kh7 27. R4d2 Ng4 28. Nc2 Rc5 29. h3 Ne5 30. Nd4 Qg5 31. Qb1 g6 32. Rc2 Rxc2 33. Nxc2 Qe7 34. Nd4 Qc5 35. Qb2 b4 36. Rd2 Qc3 37. Qxc3 Rxc3 38. Ne2 Rc7 39. a3 a5 40. axb4 axb4 41. Rd4 Nd3 42. Ng3 Rc3 43. Rd7 Bc6 44. Rxf7+ Kg8 45. Rf6 Kg7 46. Rd6 Ne5 47. Bc4 Nxc4 48. Rxc6 Nd2 49. Rxc3 bxc3 50. b4 Kf7 51. Ne2 c2 52. Nc1 Ke6 53. f4 exf3 54. gxf3 Nxf3+ 55. Kf2 Ne5 1/2-1/2

[Event "FRA-chT2 West 0708"]
[Site "France"]
[Date "2008.01.20"]
[Round "6.7"]
[White "Neuhauser, Salome"]
[Black "Ricroque, Jean Pierre"]
[Result "0-1"]
[WhiteElo "1954"]
[BlackElo "1987"]
[PlyCount "52"]
[EventDate "2007.10.21"]
[EventType "team"]
[EventRounds "11"]
[EventCountry "FRA"]
[SourceTitle "EXT 2009"]
[Source "ChessBase"]
[SourceDate "2008.11.26"]
[SourceVersion "1"]
[SourceVersionDate "2008.11.26"]
[SourceQuality "1"]
[WhiteTeam "Evry Grand Roque II"]
[BlackTeam "Cergy Pontoise"]
[WhiteTeamCountry "FRA"]
[BlackTeamCountry "FRA"]

1. e4 c5 2. Nf3 d6 3. d4 cxd4 4. Qxd4 a6 5. c4 Nf6 6. Nc3 Nc6 7. Qd2 g6 8. b3 Bg7 9. Bb2 0-0 10. Be2 Qa5 11. Rb1 b5 12. cxb5 axb5 13. Bxb5 Nxe4 14. Nxe4 Qxb5 15. Bxg7 Kxg7 16. Nc3 Qa6 17. h3 Bf5 18. Rc1 Bd3 19. Nd5 Rac8 20. Rc3 Be4 21. Nf4 Bxf3 22. Rxf3 Ne5 23. Re3 Rc5 24. Ne2 Rfc8 25. Nc3 Qc6 26. Ne2 Qxg2 0-1

[Event "FRA-chT2 North 0607"]
[Site "France"]
[Date "2007.03.18"]
[Round "9.8"]
[White "Ricroque, Jean Pierre"]
[Black "Fortuit, Emilie"]
[Result "0-1"]
[WhiteElo "2019"]
[BlackElo "1933"]
[PlyCount "146"]
[EventDate "2006.10.15"]
[EventType "team"]
[EventRounds "11"]
[EventCountry "FRA"]
[SourceTitle "EXT 2008"]
[Source "ChessBase"]
[SourceDate "2007.11.25"]
[SourceVersion "1"]
[SourceVersionDate "2007.11.25"]
[SourceQuality "1"]
[WhiteTeam "Cergy Pontoise"]
[BlackTeam "Evry Grand Roque III"]
[WhiteTeamCountry "FRA"]
[BlackTeamCountry "FRA"]

1. d4 d5 2. Nf3 Nf6 3. c4 e6 4. Nc3 Be7 5. Bg5 h6 6. Bh4 0-0 7. e3 b6 8. cxd5 Nxd5 9. Nxd5 exd5 10. Bxe7 Qxe7 11. Bd3 c5 12. Rc1 Bb7 13. 0-0 Nd7 14. Bf5 Rfd8 15. Qb3 g6 16. Bh3 Qd6 17. Qa3 f5 18. g3 Qf6 19. Rfd1 a6 20. Rd2 c4 21. Bg2 b5 22. Qa5 Qb6 23. Qxb6 Nxb6 24. Ne5 Kg7 25. f4 Rab8 26. g4 Kf6 27. g5+ hxg5 28. fxg5+ Kg7 29. Kf1 Nd7 30. Nf3 Re8 31. Re2 Re7 32. Ke1 Rbe8 33. Kd2 b4 34. h4 a5 35. Ree1 a4 36. h5 gxh5 37. Nh4 Rf7 38. Bh3 Ref8 39. Rf1 Nb6 40. g6 Rf6 41. Nxf5+ Kg8 42. Ke2 c3 43. bxc3 Ba6+ 44. c4 Bxc4+ 45. Rxc4 dxc4 46. e4 Nc8 47. e5 Rxg6 48. d5 Re8 49. Ne3 Nb6 50. e6 Rg3 51. Bf5 Rxe3+ 52. Kxe3 Nxd5+ 53. Kd4 Rd8 54. Ke5 Ne3 55. Rg1+ Kf8 56. Kf6 Nxf5 57. Kxf5 Rd2 58. Kf6 Rf2+ 59. Ke5 c3 60. Rd1 c2 61. Rd8+ Ke7 62. Rd7+ Ke8 63. Rc7 Re2+ 64. Kd6 Rd2+ 65. Ke5 b3 66. Kf6 bxa2 67. Rc8+ Rd8 68. Rxd8+ Kxd8 69. Kf7 c1Q 70. e7+ Kc7 71. e8Q Qf4+ 72. Kg8 Qg4+ 73. Kf8 Qc8 0-1

[Event "FRA-chT2B 0506"]
[Site "France"]
[Date "2005.11.19"]
[Round "2.9"]
[White "Aflalo, Sophie"]
[Black "Ricroque, Jean Pierre"]
[Result "0-1"]
[WhiteElo "1905"]
[BlackElo "2047"]
[PlyCount "124"]
[EventDate "2005.10.27"]
[EventType "team-tourn"]
[EventRounds "11"]
[EventCountry "FRA"]
[SourceTitle "EXT 2006"]
[Source "ChessBase"]
[SourceDate "2005.11.24"]
[SourceVersion "1"]
[SourceVersionDate "2005.11.24"]
[SourceQuality "1"]
[WhiteTeam "Paris NAO II"]
[BlackTeam "Pontoise"]
[WhiteTeamCountry "FRA"]
[BlackTeamCountry "FRA"]

1. e4 c5 2. Nc3 d6 3. f4 Nc6 4. Nf3 g6 5. Bc4 Bg7 6. 0-0 e6 7. Qe1 Nge7 8. d3 0-0 9. Qh4 d5 10. Bb3 c4 11. dxc4 dxe4 12. Nxe4 Nf5 13. Qxd8 Rxd8 14. c3 Na5 15. g4 Ne7 16. c5 b6 17. Bc2 Ba6 18. Re1 Bb7 19. Nfd2 Nd5 20. Rf1 Ne3 21. b4 Nxc2 22. Rb1 Nc4 23. Nxc4 Bxe4 24. Nd6 Bd3 25. Rf3 Rxd6 26. cxd6 Ne1 27. Rxd3 Nxd3 28. Ba3 Nxf4 29. c4 Rb8 30. Rd1 Bd4+ 31. Kf1 e5 32. c5 Rd8 33. Rc1 bxc5 34. bxc5 Nd3 35. c6 Nxc1 36. c7 Bb6 37. cxd8Q+ Bxd8 38. Bxc1 Kf8 39. Ke2 Ke8 40. Kd3 Kd7 41. Ba3 f5 42. h3 h5 43. gxf5 gxf5 44. Ke2 Bg5 45. Bb4 Bf4 46. Kf3 Bg5 47. a4 e4+ 48. Ke2 Bf4 49. a5 Bxd6 50. Bxd6 Kxd6 51. a6 f4 52. Kf2 Kd5 53. Kg2 Kd4 54. Kh2 e3 55. Kg2 Ke4 56. Kf1 f3 57. h4 Kd3 58. Kg1 Ke2 59. Kh2 Kf2 60. Kh3 e2 61. Kh2 e1R 62. Kh3 Rh1# 0-1

[Event "Saint Quentin op 6th"]
[Site "Elancourt"]
[Date "2003.04.19"]
[Round "9"]
[White "Bouton, Christophe"]
[Black "Ricroque, Jean Pierre"]
[Result "1-0"]
[WhiteElo "2160"]
[BlackElo "2063"]
[PlyCount "45"]
[EventDate "2003.04.12"]
[EventType "swiss"]
[EventRounds "9"]
[EventCountry "FRA"]
[SourceTitle "CBM 093 Extra"]
[Source "ChessBase"]
[SourceDate "2003.05.09"]
[SourceVersion "1"]
[SourceVersionDate "2003.05.09"]
[SourceQuality "1"]

1. Nf3 Nf6 2. g3 d5 3. Bg2 e6 4. 0-0 Nbd7 5. c4 c6 6. b3 Bd6 7. Bb2 0-0 8. d4 b5 9. Nbd2 Bb7 10. c5 Bc7 11. Qc2 Re8 12. e4 e5 13. exd5 Nxd5 14. Rfe1 Nb4 15. Qb1 exd4 16. Rxe8+ Qxe8 17. a3 Nd5 18. Bxd4 Qe7 19. Qc2 a5 20. Re1 Qf8 21. Ng5 N7f6 22. Bxd5 cxd5 23. Bxf6 1-0

[Event "Fete de l'Humanite sim"]
[Site "La Courneuve"]
[Date "2002.09.??"]
[Round "?"]
[White "Tregubov, Pavel V"]
[Black "Ricroque, Jean Pierre"]
[Result "1-0"]
[WhiteElo "2599"]
[BlackElo "2060"]
[PlyCount "39"]
[EventDate "2002.09.15"]
[EventType "simul"]
[EventRounds "1"]
[EventCountry "FRA"]
[SourceTitle "EXT 2005"]
[Source "ChessBase"]
[SourceDate "2004.11.15"]
[SourceVersion "1"]
[SourceVersionDate "2004.11.15"]
[SourceQuality "1"]

1. d4 Nf6 2. c4 e6 3. Nf3 d5 4. Nc3 c6 5. Qb3 Be7 6. Bg5 Nbd7 7. e3 0-0 8. Rd1 h6 9. Bh4 Qa5 10. Be2 a6 11. 0-0 dxc4 12. Bxc4 e5 13. Qc2 exd4 14. exd4 Nb6 15. Rfe1 Bf5 16. Qc1 Bd8 17. Re5 Nfd5 18. Bxd5 Nxd5 19. Nxd5 cxd5 20. Rxf5 1-0

[Event "FRA-chT2"]
[Site "France"]
[Date "2002.03.10"]
[Round "9"]
[White "Clofullia, Angelique"]
[Black "Ricroque, Jean Pierre"]
[Result "1/2-1/2"]
[WhiteElo "2001"]
[BlackElo "2094"]
[PlyCount "70"]
[EventDate "2002.??.??"]
[EventType "team"]
[EventRounds "11"]
[EventCountry "FRA"]
[SourceTitle "EXT 2003"]
[Source "ChessBase"]
[SourceDate "2002.11.25"]
[SourceVersion "1"]
[SourceVersionDate "2002.11.25"]
[SourceQuality "1"]
[WhiteTeam "Arras"]
[BlackTeam "Cergy Pontoise"]
[WhiteTeamCountry "FRA"]
[BlackTeamCountry "FRA"]

1. d4 Nf6 2. Nf3 d5 3. c4 e6 4. Nc3 c6 5. e3 a6 6. c5 Nbd7 7. b4 a5 8. b5 e5 9. Qa4 Ne4 10. bxc6 Nxc3 11. cxd7+ Bxd7 12. Qb3 exd4 13. exd4 Na4 14. Qxb7 Bxc5 15. dxc5 0-0 16. Be3 Qf6 17. Bd4 Qe6+ 18. Ne5 Nxc5 19. Qb2 Rab8 20. Qe2 Rfc8 21. Qe3 Rb4 22. Be2 f6 23. Bg4 Qa6 24. Nxd7 Nd3+ 25. Kd2 Kf7 26. Qxd3 Rcc4 27. Nc5 Qb6 28. Nb3 Rxd4 29. Nxd4 Rxd4 30. Bf3 Qb4+ 31. Ke3 Rxd3+ 32. Kxd3 Qc4+ 33. Kd2 Qd4+ 34. Ke2 Qc4+ 35. Kd2 Qd4+ 1/2-1/2

[Event "Paris Apsap 61mn KO op 34th"]
[Site "Paris"]
[Date "2002.??.??"]
[Round "6"]
[White "Ragot, Nicolas"]
[Black "Ricroque, Jean Pierre"]
[Result "0-1"]
[WhiteElo "2100"]
[BlackElo "2084"]
[PlyCount "80"]
[EventDate "2002.08.18"]
[EventType "swiss (rapid)"]
[EventRounds "7"]
[EventCountry "FRA"]
[SourceTitle "EXT 2003"]
[Source "ChessBase"]
[SourceDate "2002.11.25"]
[SourceVersion "1"]
[SourceVersionDate "2002.11.25"]
[SourceQuality "1"]

1. c4 Nf6 2. g3 g6 3. Bg2 Bg7 4. Nc3 0-0 5. d3 c6 6. e4 b6 7. Nge2 Bb7 8. 0-0 d5 9. exd5 cxd5 10. Nf4 e6 11. cxd5 e5 12. Nfe2 Qd7 13. d4 Nxd5 14. Nxd5 Bxd5 15. Bxd5 Qxd5 16. dxe5 Qxe5 17. Nc3 Nc6 18. Bf4 Qf5 19. Qa4 Nd4 20. Rad1 b5 21. Qa5 Qh3 22. Rd3 g5 23. Bd6 Rfd8 24. Bc5 Ne2+ 25. Nxe2 Rxd3 26. Qxb5 Qd7 27. Qxd7 Rxd7 28. Nc3 Rc8 29. Bb4 Rd2 30. Rb1 Bd4 31. Ne4 Rxb2 32. Rxb2 Bxb2 33. Nxg5 a5 34. Bd2 Bc3 35. Be3 Rc4 36. Nf3 Ra4 37. Bc5 Rxa2 38. Ng5 Rc2 39. Ne4 Bb2 40. Be7 a4 0-1

[Event "Syre Memorial op 19th"]
[Site "Issy les Moulineaux"]
[Date "1996.??.??"]
[Round "4"]
[White "Ricroque, Jean Pierre"]
[Black "San Marco, Jean"]
[Result "0-1"]
[WhiteElo "1870"]
[BlackElo "2180"]
[PlyCount "60"]
[EventDate "1996.05.??"]
[EventType "swiss"]
[EventRounds "6"]
[EventCountry "FRA"]
[SourceTitle "EXT 2005"]
[Source "ChessBase"]
[SourceDate "2004.11.15"]
[SourceVersion "1"]
[SourceVersionDate "2004.11.15"]
[SourceQuality "1"]

1. d4 Nf6 2. Nf3 c5 3. c4 g6 4. Nc3 cxd4 5. Nxd4 Bg7 6. e4 d6 7. Be2 0-0 8. 0-0 Nc6 9. Be3 Bd7 10. f3 Rc8 11. Qd2 Ne5 12. b3 Qa5 13. Nd5 Qd8 14. Nxf6+ Bxf6 15. Rad1 a6 16. h3 Nc6 17. f4 Qc7 18. Nxc6 Bxc6 19. Bg4 Rcd8 20. Qf2 Rde8 21. Bb6 Qb8 22. Qe3 e6 23. e5 dxe5 24. fxe5 Be7 25. Rf6 Bxf6 26. exf6 Kh8 27. Qh6 Rg8 28. Bxe6 Rxe6 29. Bd4 Qg3 30. Qd2 Rge8 0-1